000 00481nam a2200181Ia 4500
008 240925s9999 xx 000 0 und d
020 _a9788131517529
082 _a510.2462 ONE
100 _aOneil, Peter V.
245 0 _aAdvance Engineering Mathematics
250 _a7th
260 _aNew Delhi:
_bCengage Learning
_c,2012.
300 _axxviiip.
_b0
_fOriginal
500 _aIncludes Index
600 _aHumanities & Natural Science
650 _aMathematics
942 _cBK
999 _c12522
_d12522